Loading...
| MB | 3 | 9 | 6 | 2 | 105 | 52 | 88.33 | 2 | 10 | 0.00 | 0.00 |
| AG | 1 | 5 | 1 | 0 | 60 | 60 | 87.00 | 0 | 5 | 0.00 | 0.00 |
| RR | 1 | 1 | 0 | 0 | 25 | 91 | 92.00 | 0 | 2 | 0.00 | 0.00 |
| TR | 1 | 1 | 1 | 0 | 20 | 53 | 74.50 | 0 | 2 | 0.00 | 0.00 |
| AW | 0 | 2 | 0 | 0 | 20 | 89 | 91.00 | 0 | 2 | 0.00 | 0.00 |
| AR | 1 | 0 | 0 | 0 | 15 | 24 | 24.00 | 1 | 1 | 0.00 | 0.00 |
| RC> | 0 | 1 | 0 | 0 | 10 | 99 | 99.00 | 0 | 1 | 0.00 | 0.00 |
| 0 | 1 | 0 | 0 | 10 | 108 | 108.00 | 0 | 1 | 0.00 | 0.00 | |
| BB | 1 | 0 | 1 | 0 | 10 | 64 | 64.00 | 1 | 1 | 0.00 | 0.00 |
| DM | 0 | 1 | 0 | 0 | 10 | 93 | 93.00 | 1 | 1 | 0.00 | 0.00 |
| RC | 0 | 1 | 0 | 0 | 10 | 88 | 88.00 | 0 | 1 | 0.00 | 0.00 |
| AR | spiders | 15 | 24 |
| TR | Malaysia | -5 | 40 |
| MB | Titus Maccius Plautus | -5 | 43 |
| MB | nembutsu | 15 | 52 |
| TR | Moche culture | 15 | 53 |
| AG | Frantz Fanon | 15 | 60 |
| MB | the Netherlands | 10 | 63 |
| BB | atmospheric aerosols | 15 | 64 |
| MB | Epicureanism | -5 | 66 |
| MB | Courtney Barnett | -5 | 68 |